| 000 | 00423nam a2200145Ia 4500 | ||
|---|---|---|---|
| 008 | 230312s9999||||xx |||||||||||||| ||und|| | ||
| 020 | _a0789750996 | ||
| 082 |
_a004.167 _bKEL-I |
||
| 100 | _aPratt,Phil | ||
| 245 | 0 | _aConcepts of Data Base Management Concepts of Database Management Concepts of database management | |
| 260 |
_bPearson _aUSA _c2013 |
||
| 300 | _a365 | ||
| 650 |
_aComputer _vTablet Computers |
||
| 942 | _cBK | ||
| 999 |
_c16429 _d16429 |
||